Ricostruisci la Carriera del Calciatore - Mario Balotelli - Statistics

Statistiche generali
  • Questo quiz è stato fatto 46 volte
  • Il punteggio medio è 7 su 13
Statistiche sulle risposte
Hint Risposta % Corretto
2005-2006 Lumezzane
77%
2007-2010 Inter
73%
2010-2013 Manchester City
69%
2013-2014 Milan
69%
2014-2015 Liverpool
65%
2015-2016 Milan
50%
2023- Adana Demirspor
42%
2019-2020 Brescia
38%
2020-2021 Monza
38%
2016-2019 Nizza
38%
2019 Olympique Marsiglia
38%
2022-2023 Sion
35%
2021-2022 Adana Demirspor
27%
Nessun quiz corrispondente trovato
Distribuzione punteggi
Percentuale di utenti per punteggio
Percentile per numero di risposta
I tuoi punteggi nel tempo
Non hai fatto questo quiz